[Event "TORNEO A"]
[Site "ZEVIO (VR) ITA"]
[Date "2023.03.25"]
[Round "1.1"]
[White "Kosarev, Andrei M."]
[Black "Conte, Edoardo"]
[Result "1-0"]
[WhiteElo "2284"]
[BlackElo "1834"]
[PlyCount "107"]
[EventDate "2023.03.25"]

1. c4 c5 2. Nc3 Nc6 3. g3 g6 4. Bg2 Bg7 5. e4 e6 6. Nge2 Nge7 7. d3 O-O 8. O-O
d6 9. Rb1 Nd4 10. b4 Nxe2+ 11. Nxe2 cxb4 12. Rxb4 d5 13. exd5 exd5 14. cxd5
Nxd5 15. Rb5 Nb6 16. Bg5 Bf6 17. Bh6 Re8 18. Nf4 Rb8 19. h4 Bf5 20. Qb3 Bxh4
21. Nd5 Be7 22. Qc3 f6 23. Nxb6 axb6 24. Qb3+ Kh8 25. Rd5 Qc8 26. Qxb6 Qe6 27.
Qb1 Bd6 28. Bd2 Bf8 29. Bc3 Bg7 30. Re1 Qa6 31. Rxe8+ Rxe8 32. Rb5 Rd8 33. Qb2
Qd6 34. Rd5 Qe7 35. Qxb7 Qe8 36. Qb5 Qxb5 37. Rxd8+ Bf8 38. Bxf6+ Kg8 39. Bd5+
Qxd5 40. Rxd5 Kf7 41. Bc3 h5 42. a4 Ke6 43. Re5+ Kd7 44. d4 Bd6 45. Rb5 Kc6 46.
d5+ Kc7 47. Bd4 Bd3 48. Ra5 Bb4 49. Ra7+ Kd6 50. Rb7 Ba5 51. Bb6 Bxb6 52. Rxb6+
Kxd5 53. a5 Kc5 54. f3 1-0

[Event "TORNEO A"]
[Site "ZEVIO (VR) ITA"]
[Date "2023.03.25"]
[Round "1.2"]
[White "Bortolazzi, Michele"]
[Black "Bordignon, Angelo"]
[Result "1/2-1/2"]
[WhiteElo "1831"]
[BlackElo "2052"]
[PlyCount "153"]
[EventDate "2023.03.25"]

1. e4 c5 2. Nf3 d6 3. d4 cxd4 4. Nxd4 Nf6 5. Nc3 a6 6. f4 e5 7. Nf3 Qc7 8. Bd3
Be7 9. O-O Nbd7 10. Qe1 b5 11. a3 O-O 12. Bd2 Re8 13. Rd1 Nb6 14. fxe5 dxe5 15.
Kh1 Bf8 16. Qg3 Bg4 17. Bg5 Bxf3 18. Rxf3 Nh5 19. Qg4 Nf4 20. Bxf4 exf4 21.
Qxf4 Bd6 22. Qh4 g6 23. Rdf1 Rf8 24. g4 Be7 25. Qh6 Qe5 26. Rh3 Qg7 27. Qe3
Rab8 28. e5 Rfe8 29. e6 f6 30. Ne4 Nd5 31. Qa7 Rb6 32. c4 Reb8 33. cxd5 R8b7
34. Qa8+ Rb8 35. Qxb8+ Rxb8 36. d6 Bxd6 37. Nxf6+ Kh8 38. Rxh7+ Qxh7 39. Nxh7
Kxh7 40. Rf7+ Kh6 41. Rf6 Rg8 42. e7 Bxe7 43. Rxa6 Kg5 44. h3 Kh4 45. Kg2 Rd8
46. Bxb5 Rd2+ 47. Kf3 Rxb2 48. a4 Rb3+ 49. Ke2 g5 50. Rh6+ Kg3 51. Bd3 Ra3 52.
Bc2 Bc5 53. Re6 Kxh3 54. Re5 Bd6 55. Rxg5 Bf4 56. Rg8 Re3+ 57. Kf2 Rc3 58. Bf5
Bg3+ 59. Ke2 Rc5 60. Ra8 Bf4 61. a5 Kg3 62. a6 Ra5 63. Kd3 Bc7 64. Kc4 Bb6 65.
Kb4 Ra1 66. Kb5 Be3 67. Rg8 Kf4 68. Bc8 Bd4 69. Rf8+ Kg5 70. Rd8 Be3 71. Rd3
Bg1 72. Rb3 Bd4 73. Rd3 Bg1 74. Rb3 Bd4 75. Rb4 Bc3 76. Ra4 Rb1+ 77. Kc6
1/2-1/2

[Event "TORNEO A"]
[Site "ZEVIO (VR) ITA"]
[Date "2023.03.25"]
[Round "1.3"]
[White "Vincenzi, Marco"]
[Black "Costalonga, Riccardo"]
[Result "1-0"]
[WhiteElo "2052"]
[BlackElo "1830"]
[PlyCount "103"]
[EventDate "2023.03.25"]

1. e4 c5 2. Nf3 d6 3. Bb5+ Bd7 4. Bxd7+ Qxd7 5. c4 Nc6 6. Nc3 g6 7. d4 cxd4 8.
Nxd4 Bg7 9. Be3 Nf6 10. f3 O-O 11. O-O Rac8 12. b3 Rfd8 13. Rc1 e6 14. Nde2 d5
15. cxd5 exd5 16. Bg5 d4 17. Bxf6 Bxf6 18. Nd5 Bg7 19. Nef4 Qd6 20. Nd3 Bh6 21.
Rc4 Be3+ 22. Kh1 Bh6 23. Qe1 Kg7 24. Qh4 b6 25. f4 f5 26. exf5 Qxd5 27. f6+ Kg8
28. Qxh6 Qf7 29. Qg5 a6 30. Ne5 Nxe5 31. fxe5 Re8 32. Rxd4 Rc5 33. Re4 h6 34.
Qe3 Re6 35. Qxh6 Rexe5 36. Rxe5 Rxe5 37. h3 Rh5 38. Qe3 b5 39. Qe4 Kh7 40. Qc6
Re5 41. Qxa6 b4 42. Qc4 Qxc4 43. bxc4 Kg8 44. Rb1 Ra5 45. Rxb4 Rxa2 46. Rb7 Rf2
47. Rg7+ Kf8 48. Rxg6 Kf7 49. Rg3 Rc2 50. Rf3 Rxc4 51. Kh2 Rc5 52. g4 1-0

[Event "TORNEO A"]
[Site "ZEVIO (VR) ITA"]
[Date "2023.03.25"]
[Round "1.4"]
[White "Goldoni, Claudio"]
[Black "Vujicic, Luigi"]
[Result "0-1"]
[WhiteElo "1822"]
[BlackElo "2006"]
[PlyCount "100"]
[EventDate "2023.03.25"]

1. e4 c6 2. d4 d5 3. Nd2 dxe4 4. Nxe4 Bf5 5. Ng3 Bg6 6. f4 e6 7. Nf3 Nd7 8. Bd3
Nh6 9. O-O Be7 10. c3 O-O 11. Ne5 c5 12. Nxg6 hxg6 13. Be4 cxd4 14. Bxb7 Rb8
15. Bc6 dxc3 16. Qxd7 Qxd7 17. Bxd7 cxb2 18. Rb1 Bc5+ 19. Kh1 bxc1=Q 20. Rfxc1
Rxb1 21. Rxb1 Rd8 22. Rb7 Ng4 23. Ne4 Bb6 24. h3 Ne3 25. Ng5 Nf5 26. Ba4 Nd6
27. Rd7 Rxd7 28. Bxd7 Bf2 29. Kh2 Kf8 30. Bc6 Nf5 31. g4 Bg3+ 32. Kg2 Bxf4 33.
Nh7+ Kg8 34. gxf5 gxf5 35. Kf3 Bc1 36. Be8 Kxh7 37. Bxf7 e5 38. h4 Kh6 39. h5
Kg5 40. Be8 e4+ 41. Kg3 f4+ 42. Kf2 Kg4 43. Bc6 e3+ 44. Kg2 Kxh5 45. Kf3 Kg5
46. Bb5 Ba3 47. Bd7 Bd6 48. Be6 Kh4 49. Bf5 g5 50. Bd3 g4+ 0-1

[Event "TORNEO A"]
[Site "ZEVIO (VR) ITA"]
[Date "2023.03.25"]
[Round "1.5"]
[White "Bertani, Gianfranco"]
[Black "Landi, Roberto"]
[Result "1-0"]
[WhiteElo "1935"]
[BlackElo "1807"]
[PlyCount "83"]
[EventDate "2023.03.25"]

1. d4 d5 2. e3 Nf6 3. b3 Bf5 4. Bb2 e6 5. Nf3 Nbd7 6. Be2 h6 7. O-O Be7 8. c4
c6 9. Nc3 O-O 10. a3 a5 11. a4 Re8 12. cxd5 exd5 13. Ba3 Bxa3 14. Rxa3 Ne4 15.
Nxe4 Bxe4 16. Ra1 Re6 17. Nd2 Bh7 18. Bg4 f5 19. Be2 Qe7 20. Bd3 Rf8 21. Qc2
Nf6 22. Nf3 Ne4 23. g3 g5 24. Bxe4 Rxe4 25. Qd2 f4 26. exf4 gxf4 27. Ne5 Qg5
28. Qxa5 f3 29. Qc7 Qh5 30. Kh1 Qh3 31. Rg1 Re2 32. Raf1 Bf5 33. Qd6 Be4 34.
Ng6 Bxg6 35. Qxg6+ Kh8 36. g4 Qh4 37. g5 h5 38. Qh6+ Kg8 39. g6 Re7 40. g7 Rf6
41. Qh8+ Kf7 42. g8=Q# 1-0

[Event "TORNEO A"]
[Site "ZEVIO (VR) ITA"]
[Date "2023.03.25"]
[Round "1.7"]
[White "Garista, Eugenio"]
[Black "Maniero, Andrea"]
[Result "0-1"]
[WhiteElo "1842"]
[BlackElo "1794"]
[PlyCount "94"]
[EventDate "2023.03.25"]

1. d4 c5 2. d5 Nf6 3. c4 b5 4. cxb5 a6 5. b6 Qxb6 6. Nc3 g6 7. e4 d6 8. Nf3 Bg7
9. Be2 O-O 10. O-O Bg4 11. h3 Bxf3 12. Bxf3 Nbd7 13. Qc2 Rab8 14. Rb1 Rfc8 15.
Be3 Qb4 16. Rfc1 Ne8 17. Be2 Qa5 18. Bd2 Qb6 19. Na4 Qa7 20. Bc3 Nc7 21. Bxg7
Kxg7 22. b3 Nb5 23. Qb2+ Kg8 24. Bg4 Nd4 25. e5 Rc7 26. Bxd7 Rxd7 27. exd6 exd6
28. Qd2 Re7 29. Re1 Rbe8 30. Rxe7 Qxe7 31. Nc3 Qe5 32. f4 Qe3+ 33. Qxe3 Rxe3
34. Na4 Re2 35. Nc3 Rc2 36. Ne4 Ne2+ 37. Kf1 Nxf4 38. Nxd6 Nxd5 39. Ne4 f5 40.
Nf2 Ne3+ 41. Kg1 Rxa2 42. Rc1 Rb2 43. Rc3 f4 44. Nd3 Rxg2+ 45. Kh1 Rc2 46. Rxc2
Nxc2 47. Nxf4 Nd4 0-1

[Event "TORNEO A"]
[Site "ZEVIO (VR) ITA"]
[Date "2023.03.25"]
[Round "2.1"]
[White "Adami, Alessandro"]
[Black "Kosarev, Andrei M."]
[Result "0-1"]
[WhiteElo "1805"]
[BlackElo "2284"]
[PlyCount "50"]
[EventDate "2023.03.25"]

1. e4 c6 2. d4 d5 3. Nc3 dxe4 4. Nxe4 Nf6 5. Nxf6+ exf6 6. Nf3 Bd6 7. Bd3 O-O
8. O-O Bg4 9. Re1 Na6 10. Bxa6 bxa6 11. h3 Bh5 12. g4 Bg6 13. Nh4 Re8 14. Rxe8+
Qxe8 15. Nxg6 hxg6 16. Be3 Qe4 17. Qd3 Qd5 18. Bd2 Bc7 19. f4 Re8 20. c3 f5 21.
gxf5 gxf5 22. Kf2 Re4 23. Re1 Bxf4 24. Rxe4 fxe4 25. Qxa6 Bxd2 0-1

[Event "TORNEO A"]
[Site "ZEVIO (VR) ITA"]
[Date "2023.03.25"]
[Round "2.2"]
[White "Maniero, Andrea"]
[Black "Vincenzi, Marco"]
[Result "0-1"]
[WhiteElo "1794"]
[BlackElo "2052"]
[PlyCount "90"]
[EventDate "2023.03.25"]

1. e4 e5 2. f4 exf4 3. Bc4 d5 4. Bxd5 Nf6 5. Nc3 Bb4 6. Nf3 Bxc3 7. dxc3 c6 8.
Bc4 Qxd1+ 9. Kxd1 O-O 10. Bd3 Rd8 11. Re1 Nh5 12. Ke2 Nd7 13. Bd2 Nc5 14. b4
Na4 15. c4 Be6 16. Rab1 Nb6 17. c5 Nc4 18. a4 a6 19. Kf2 Nxd2 20. Nxd2 Nf6 21.
h3 g5 22. Nf3 h6 23. Rbd1 Kf8 24. Rd2 Ke7 25. Ne5 Nd7 26. Nc4 Bxc4 27. Bxc4 Ne5
28. Bd3 Nc4 29. Rdd1 Nb2 30. Rd2 Nc4 31. Rdd1 Nb2 32. Rd2 Nxa4 33. g3 fxg3+ 34.
Kxg3 a5 35. Rf2 Nb2 36. Bf1 a4 37. Kg4 a3 38. Kh5 a2 39. Ra1 Rd1 40. Rxa2 Rxa2
41. Kxh6 Raa1 42. Be2 Rd2 43. Kg7 f6 44. e5 f5 45. Kg6 Re1 0-1

[Event "TORNEO A"]
[Site "ZEVIO (VR) ITA"]
[Date "2023.03.25"]
[Round "2.3"]
[White "Vujicic, Luigi"]
[Black "Bertani, Gianfranco"]
[Result "0-1"]
[WhiteElo "2006"]
[BlackElo "1935"]
[PlyCount "76"]
[EventDate "2023.03.25"]

1. e4 c5 2. Nc3 e6 3. g3 a6 4. Bg2 Qc7 5. Nge2 Nc6 6. d3 Be7 7. Be3 b6 8. Qd2
Bb7 9. Nd1 Nf6 10. h3 d5 11. exd5 Nxd5 12. Bxd5 exd5 13. d4 O-O 14. Bf4 Qd7 15.
h4 Bf6 16. c3 Rfe8 17. Ne3 cxd4 18. cxd4 a5 19. O-O-O Ba6 20. Nc3 Nb4 21. Kb1
Rxe3 22. fxe3 Qf5+ 23. e4 dxe4 24. Qe3 Bd3+ 25. Kc1 Nc2 26. Qd2 Nxd4 27. Be3
Nf3 28. Qf2 Rc8 29. Rxd3 exd3 30. Rf1 Bxc3 31. bxc3 Rxc3+ 32. Kd1 Qb5 33. Qxf3
Qb1+ 34. Kd2 Qc2+ 35. Ke1 d2+ 36. Bxd2 Rxf3 37. Rxf3 Qxa2 38. Rc3 h6 0-1

[Event "TORNEO A"]
[Site "ZEVIO (VR) ITA"]
[Date "2023.03.25"]
[Round "2.4"]
[White "Bordignon, Angelo"]
[Black "Budyi, Danylo"]
[Result "1/2-1/2"]
[WhiteElo "2052"]
[BlackElo "1857"]
[PlyCount "92"]
[EventDate "2023.03.25"]

1. d4 d5 2. c4 e6 3. Nc3 Nf6 4. cxd5 exd5 5. Bg5 Be7 6. Qc2 g6 7. e3 Bf5 8. Qd1
c6 9. f3 Qb6 10. Qd2 Nbd7 11. g4 Be6 12. Bd3 h6 13. Bf4 g5 14. Bg3 h5 15. gxh5
Nxh5 16. Bf2 Bd6 17. Nge2 Qc7 18. Rg1 f6 19. Bg6+ Ke7 20. h4 Rag8 21. Qc2 Nf8
22. Bxh5 Rxh5 23. hxg5 Rhxg5 24. Rxg5 Rxg5 25. O-O-O Rg2 26. Rf1 Rh2 27. Be1
Rg2 28. Rg1 Rxg1 29. Nxg1 Bg3 30. Bd2 Bd6 31. Nge2 Kd8 32. Qd1 Qh7 33. e4 Qh5
34. Qf1 dxe4 35. fxe4 Nd7 36. Nf4 Bxf4 37. Qxf4 Qh1+ 38. Kc2 Qh5 39. Qd6 Qg4
40. b3 Bf7 41. Qh2 Bg6 42. Bf4 Nf8 43. Kb2 Qe6 44. Bc7+ Kc8 45. e5 fxe5 46.
Bxe5 Qf5 1/2-1/2

[Event "TORNEO A"]
[Site "ZEVIO (VR) ITA"]
[Date "2023.03.25"]
[Round "2.5"]
[White "Conte, Edoardo"]
[Black "Bortolazzi, Michele"]
[Result "1-0"]
[WhiteElo "1834"]
[BlackElo "1831"]
[PlyCount "69"]
[EventDate "2023.03.25"]

1. e4 e5 2. Nf3 Nc6 3. d4 exd4 4. Nxd4 Bb4+ 5. c3 Bc5 6. Be3 Bb6 7. Bc4 Nf6 8.
Nxc6 dxc6 9. Qxd8+ Kxd8 10. Bxb6 cxb6 11. f3 Ke7 12. Nd2 Nd7 13. Nf1 Ne5 14.
Bb3 Rd8 15. Ke2 f5 16. Bc2 Nc4 17. b3 Na3 18. Bd3 f4 19. g3 g5 20. h4 h6 21.
Nd2 Be6 22. hxg5 hxg5 23. Rh7+ Kd6 24. Rah1 Nb5 25. Bxb5 cxb5 26. gxf4 gxf4 27.
R1h4 Rf8 28. Rxb7 Rac8 29. Kd3 Rcd8 30. Rxa7 Kc6+ 31. Kc2 Rg8 32. Rh2 Bd7 33.
Rh6+ Kc5 34. Rc7+ Bc6 35. Rcxc6# 1-0

[Event "TORNEO A"]
[Site "ZEVIO (VR) ITA"]
[Date "2023.03.25"]
[Round "2.6"]
[White "Landi, Roberto"]
[Black "Garista, Eugenio"]
[Result "1-0"]
[WhiteElo "1807"]
[BlackElo "1842"]
[PlyCount "113"]
[EventDate "2023.03.25"]

1. d4 d5 2. Bf4 c5 3. c3 Qb6 4. Qb3 c4 5. Qc2 Nc6 6. Nd2 e6 7. e4 Nge7 8. g3
Ng6 9. Be3 Qc7 10. Bg2 Nce7 11. Ne2 Bd7 12. h4 h5 13. Nf4 dxe4 14. Bxe4 Bc6 15.
Nxe6 Qd6 16. Nxf8 Kxf8 17. Nxc4 Qe6 18. Nd2 Re8 19. Bxc6 bxc6 20. Qb3 Nd5 21.
Nf1 Qe4 22. Rg1 Qf3 23. c4 Nxe3 24. Nxe3 Rh6 25. Qd1 Nxh4 26. Kf1 Rxe3 27. Qxf3
Rxf3 28. gxh4 Rhf6 29. Rg2 Rh3 30. Rd1 Rxh4 31. b3 Rd6 32. d5 Rh1+ 33. Rg1
Rxg1+ 34. Kxg1 cxd5 35. cxd5 Ke7 36. Rd4 Rg6+ 37. Kh2 Kd6 38. f3 Rg5 39. Ra4
Rxd5 40. Rxa7 Rf5 41. Kg3 g5 42. Ra6+ Kc7 43. Ra4 Rd5 44. Ra7+ Kb6 45. Rxf7 Rd3
46. Rf6+ Kb7 47. Rf7+ Ka6 48. Rh7 g4 49. Rxh5 gxf3 50. Rf5 f2+ 51. Kg2 Rd1 52.
Rxf2 Kb5 53. Kf3 Kb4 54. Ke3 Rd8 55. Rd2 Re8+ 56. Kd3 Rd8+ 57. Kc2 1-0

[Event "TORNEO A"]
[Site "ZEVIO (VR) ITA"]
[Date "2023.03.25"]
[Round "2.7"]
[White "Costalonga, Riccardo"]
[Black "Goldoni, Claudio"]
[Result "1-0"]
[WhiteElo "1830"]
[BlackElo "1822"]
[PlyCount "65"]
[EventDate "2023.03.25"]

1. e4 e5 2. Nf3 Nc6 3. Bc4 Bc5 4. c3 Nf6 5. d4 exd4 6. e5 d5 7. Bb5 Ne4 8. cxd4
Bb6 9. Be3 Bd7 10. Qb3 a6 11. Bd3 Be6 12. Nc3 f5 13. Bxe4 fxe4 14. Ng5 Bg8 15.
O-O h6 16. Nh3 Bf7 17. Nf4 Ne7 18. e6 Bg8 19. Nh5 g6 20. Nf6+ Kf8 21. Nxg8 Kxg8
22. f3 Nf5 23. Nxd5 Nxd4 24. Bxd4 Bxd4+ 25. Kh1 c6 26. Qxb7 Rh7 27. Qxc6 Rc8
28. e7 Qe8 29. Qe6+ Kh8 30. fxe4 Bg7 31. Rac1 Rb8 32. Nc7 Qg8 33. Qxg8+ 1-0

[Event "TORNEO A"]
[Site "ZEVIO (VR) ITA"]
[Date "2023.03.26"]
[Round "3.1"]
[White "Kosarev, Andrei M."]
[Black "Vincenzi, Marco"]
[Result "1/2-1/2"]
[WhiteElo "2284"]
[BlackElo "2052"]
[PlyCount "38"]
[EventDate "2023.03.25"]

1. c4 Nf6 2. Nc3 g6 3. g3 Bg7 4. Bg2 O-O 5. e4 d6 6. Nge2 Nc6 7. O-O e5 8. d3
Nh5 9. Be3 f5 10. exf5 Bxf5 11. h3 Nf6 12. Qd2 Qd7 13. Kh2 Rae8 14. d4 exd4 15.
Nxd4 Ne4 16. Nxe4 Bxe4 17. f3 Nxd4 18. fxe4 c5 19. Rae1 b5 1/2-1/2

[Event "TORNEO A"]
[Site "ZEVIO (VR) ITA"]
[Date "2023.03.26"]
[Round "3.2"]
[White "Bertani, Gianfranco"]
[Black "Bordignon, Angelo"]
[Result "0-1"]
[WhiteElo "1935"]
[BlackElo "2052"]
[PlyCount "68"]
[EventDate "2023.03.25"]

1. d4 Nf6 2. Nc3 c5 3. d5 g6 4. Bg5 Bg7 5. Qd2 h6 6. Bf4 d6 7. e4 Na6 8. h3 Bd7
9. Nf3 Nc7 10. a4 a6 11. e5 dxe5 12. Nxe5 g5 13. Bh2 Bf5 14. Bc4 O-O 15. O-O
Nce8 16. f4 g4 17. Bd3 Qc8 18. Bxf5 Qxf5 19. Qe2 h5 20. hxg4 Nxg4 21. Nxg4 hxg4
22. Qxe7 Bd4+ 23. Kh1 Nf6 24. Ne2 Nxd5 25. Nxd4 Nxe7 26. Nxf5 Nxf5 27. Rfe1
Rfe8 28. Re5 Rxe5 29. fxe5 Rd8 30. Bf4 Rd4 31. g3 Re4 32. b3 Nd4 33. Rd1 Nf3
34. Rd7 Re2 0-1

[Event "TORNEO A"]
[Site "ZEVIO (VR) ITA"]
[Date "2023.03.26"]
[Round "3.3"]
[White "Landi, Roberto"]
[Black "Vujicic, Luigi"]
[Result "0-1"]
[WhiteElo "1807"]
[BlackElo "2006"]
[PlyCount "122"]
[EventDate "2023.03.25"]

1. d4 Nf6 2. Bf4 c5 3. e3 d5 4. dxc5 Nc6 5. c3 e5 6. Bg5 Bxc5 7. Nd2 Be6 8.
Ngf3 a6 9. b4 Bd6 10. b5 axb5 11. Bxb5 Qa5 12. a4 Nd7 13. O-O f6 14. Bh4 O-O
15. c4 Qc7 16. cxd5 Bxd5 17. Nc4 Bxc4 18. Bxc4+ Kh8 19. Bg3 Na5 20. Bb5 Nc5 21.
Qe2 Qe7 22. Rad1 Ne4 23. Rd3 Nxg3 24. hxg3 e4 25. Rxd6 Qxd6 26. Nd4 g6 27. Qg4
f5 28. Qf4 Qxf4 29. gxf4 Rac8 30. Bd7 Rc7 31. Ne6 Rxd7 32. Nxf8 Rd6 33. Rc1 Nc6
34. Rb1 Nd8 35. Rc1 Kg7 36. Nxh7 Kxh7 37. Rc7+ Kh6 38. g4 fxg4 39. Re7 Re6 40.
Rd7 Re8 41. a5 Nc6 42. Rxb7 Nxa5 43. Rc7 Nb3 44. Kg2 g5 45. Rb7 Nc5 46. Rb6+
Re6 47. Rb5 Rc6 48. Kg3 gxf4+ 49. Kxf4 Rf6+ 50. Kxg4 Nd3 51. Rh5+ Kg6 52. Rg5+
Kf7 53. Rf5 Rxf5 54. Kxf5 Nxf2 55. Ke5 Kg6 56. Kf4 Kh5 57. Kg3 Nd3 58. Kh3 Kg5
59. Kg3 Ne5 60. Kf2 Kg4 61. Kg2 Nd3 0-1

[Event "TORNEO A"]
[Site "ZEVIO (VR) ITA"]
[Date "2023.03.26"]
[Round "3.4"]
[White "Conte, Edoardo"]
[Black "Adami, Alessandro"]
[Result "1-0"]
[WhiteElo "1834"]
[BlackElo "1805"]
[PlyCount "75"]
[EventDate "2023.03.25"]

1. e4 Nf6 2. e5 Nd5 3. c4 Nb6 4. d4 d6 5. exd6 exd6 6. d5 Be7 7. Be2 Bf6 8. Qc2
O-O 9. Nf3 Bg4 10. O-O N8d7 11. Be3 Bxf3 12. Bxf3 Ne5 13. Be2 Re8 14. Nd2 g6
15. h3 Bg7 16. Nf3 Nxf3+ 17. Bxf3 Nd7 18. Rab1 Ne5 19. Be2 Nd7 20. b4 Nf6 21.
Bf3 Rc8 22. Rfd1 a6 23. c5 Nd7 24. c6 bxc6 25. dxc6 Nf6 26. a4 Rb8 27. b5 axb5
28. axb5 Qc8 29. b6 cxb6 30. c7 Ra8 31. Bxa8 Qxa8 32. Rdc1 Rc8 33. Bxb6 Nd5 34.
Qc6 Qxc6 35. Rxc6 Bf8 36. Ba5 Kg7 37. Rb8 Ne7 38. Rxd6 1-0

[Event "TORNEO A"]
[Site "ZEVIO (VR) ITA"]
[Date "2023.03.26"]
[Round "3.5"]
[White "Maniero, Andrea"]
[Black "Costalonga, Riccardo"]
[Result "1-0"]
[WhiteElo "1794"]
[BlackElo "1830"]
[PlyCount "73"]
[EventDate "2023.03.25"]

1. e4 c5 2. Nf3 d6 3. b4 cxb4 4. d4 e6 5. a3 d5 6. e5 Bd7 7. Bd3 Nc6 8. O-O
Nge7 9. Re1 g6 10. c3 bxa3 11. Rxa3 Bg7 12. Nbd2 O-O 13. h4 a6 14. Nb3 Na7 15.
Qc2 Bb5 16. Nc5 Qc7 17. h5 Bxd3 18. Qxd3 Nf5 19. Bd2 Rfb8 20. g4 Ne7 21. Kg2
Nb5 22. Raa1 Qc8 23. hxg6 hxg6 24. Ng5 b6 25. Qf3 Qe8 26. Nd7 Nf5 27. gxf5 Qxd7
28. fxe6 fxe6 29. Rh1 Rf8 30. Qh3 Rf5 31. Qh7+ Kf8 32. Qxg6 Rxg5+ 33. Qxg5 Qf7
34. Rh3 Ke8 35. Rh7 Kf8 36. Rah1 Qg8 37. R1h3 1-0

[Event "TORNEO A"]
[Site "ZEVIO (VR) ITA"]
[Date "2023.03.26"]
[Round "3.6"]
[White "Budyi, Danylo"]
[Black "Bortolazzi, Michele"]
[Result "1/2-1/2"]
[WhiteElo "1857"]
[BlackElo "1831"]
[PlyCount "76"]
[EventDate "2023.03.25"]

1. d4 Nf6 2. Nf3 d5 3. c4 e6 4. Bg5 h6 5. Bh4 c5 6. Nc3 cxd4 7. Nxd4 Be7 8.
cxd5 exd5 9. e3 Nc6 10. Be2 O-O 11. Bf3 Ne5 12. Bxf6 Nxf3+ 13. Qxf3 Bxf6 14.
Qxd5 Qb6 15. O-O-O Be6 16. Qb5 Bxd4 17. exd4 Qxb5 18. Nxb5 Bxa2 19. d5 Rac8+
20. Nc3 b5 21. Rd4 Bxd5 22. Rxd5 b4 23. Kc2 bxc3 24. bxc3 Rfe8 25. Kd3 Rc7 26.
c4 Rec8 27. Rc1 Kf8 28. c5 a5 29. Kd4 Rb8 30. Ra1 Rb4+ 31. Kc3 Rb5 32. Kd4 f6
33. Ra4 Ke7 34. Kc4 Rb2 35. Rxa5 Rxf2 36. Kb5 Rb2+ 37. Ka6 Rc6+ 38. Ka7 Rc7+
1/2-1/2

[Event "TORNEO A"]
[Site "ZEVIO (VR) ITA"]
[Date "2023.03.26"]
[Round "3.7"]
[White "Garista, Eugenio"]
[Black "Goldoni, Claudio"]
[Result "1-0"]
[WhiteElo "1842"]
[BlackElo "1822"]
[PlyCount "97"]
[EventDate "2023.03.25"]

1. e4 e5 2. Nf3 Nc6 3. c3 d5 4. Qa4 f6 5. Bb5 Nge7 6. exd5 Qxd5 7. O-O a6 8.
Bc4 Qa5 9. Qb3 Nd8 10. d4 e4 11. Nfd2 b5 12. Bd5 Nxd5 13. Qxd5 Bb7 14. Qh5+ g6
15. Qh4 f5 16. Qf6 Rg8 17. Qe5+ Be7 18. Nb3 Qb6 19. Nc5 Nf7 20. Qe6 Qxe6 21.
Nxe6 Kd7 22. Nc5+ Bxc5 23. dxc5 Rad8 24. a4 c6 25. axb5 cxb5 26. b4 Kc6 27. Nd2
Ne5 28. Nb3 Nd3 29. Nd4+ Kd5 30. f3 exf3 31. Rxf3 Kc4 32. c6 Bc8 33. Bg5 Rde8
34. Rd1 Re1+ 35. Rxe1 Nxe1 36. Re3 Nd3 37. c7 Bb7 38. Bd8 f4 39. Re6 Nxb4 40.
cxb4 Kxd4 41. Rb6 Bc8 42. Rb8 Bf5 43. c8=Q Bxc8 44. Rxc8 Kd3 45. Kf2 a5 46.
bxa5 b4 47. a6 b3 48. a7 b2 49. Rb8 1-0

[Event "TORNEO A"]
[Site "ZEVIO (VR) ITA"]
[Date "2023.03.26"]
[Round "4.1"]
[White "Vujicic, Luigi"]
[Black "Kosarev, Andrei M."]
[Result "0-1"]
[WhiteElo "2006"]
[BlackElo "2284"]
[PlyCount "68"]
[EventDate "2023.03.25"]

1. e4 c6 2. d4 d5 3. Nd2 dxe4 4. Nxe4 Nf6 5. Nxf6+ exf6 6. c3 Bd6 7. Bd3 Na6 8.
Qc2 h5 9. Be3 Nc7 10. Ne2 Kf8 11. a3 g6 12. c4 Kg7 13. O-O-O b5 14. c5 Be7 15.
h3 Nd5 16. Nf4 Nxf4 17. Bxf4 Be6 18. Be3 Bd5 19. Rhg1 a5 20. Qc3 Qd7 21. b4 Ra7
22. Kd2 Rha8 23. Ra1 axb4 24. axb4 Rxa1 25. Rxa1 Rxa1 26. Qxa1 Bxg2 27. h4 Bd5
28. Qa8 Bd8 29. Kc3 f5 30. Qb8 Bxh4 31. Qf4 Bf6 32. Qh6+ Kg8 33. Z0 Bg7 34. Qf4
Qa7 0-1

[Event "TORNEO A"]
[Site "ZEVIO (VR) ITA"]
[Date "2023.03.26"]
[Round "4.2"]
[White "Vincenzi, Marco"]
[Black "Bertani, Gianfranco"]
[Result "1/2-1/2"]
[WhiteElo "2052"]
[BlackElo "1935"]
[PlyCount "81"]
[EventDate "2023.03.25"]

1. e4 c5 2. Nf3 d6 3. Bb5+ Bd7 4. Bxd7+ Qxd7 5. c4 Nf6 6. Nc3 g6 7. d4 cxd4 8.
Nxd4 Bg7 9. f3 O-O 10. Be3 Nc6 11. O-O Rfc8 12. b3 Qe8 13. Rc1 Nd7 14. Nd5 a6
15. Qd2 Rab8 16. Rfd1 Nf6 17. Nb6 Rd8 18. a4 Nd7 19. Nxd7 Rxd7 20. a5 Ne5 21.
Ne2 Rdd8 22. Nf4 Bh6 23. Nd5 Bxe3+ 24. Qxe3 Nc6 25. h4 Qf8 26. h5 Nxa5 27. Kf2
Nc6 28. Rh1 Qg7 29. hxg6 fxg6 30. Rh6 Rf8 31. Rch1 Rf7 32. Kg3 Qd4 33. Qg5 Qe5+
34. Qxe5 Nxe5 35. Nf4 b5 36. Ne6 bxc4 37. bxc4 a5 38. Ng5 Rg7 39. Ne6 Rf7 40.
Ng5 Rg7 41. Ne6 1/2-1/2

[Event "TORNEO A"]
[Site "ZEVIO (VR) ITA"]
[Date "2023.03.26"]
[Round "4.3"]
[White "Bordignon, Angelo"]
[Black "Conte, Edoardo"]
[Result "1-0"]
[WhiteElo "2052"]
[BlackElo "1834"]
[PlyCount "87"]
[EventDate "2023.03.25"]

1. d4 Nf6 2. c4 g6 3. Nc3 Bg7 4. e4 d6 5. f3 O-O 6. Bg5 h6 7. Be3 a6 8. Qd2 Kh7
9. Nge2 c6 10. g4 b5 11. Ng3 bxc4 12. h4 h5 13. O-O-O Rh8 14. Bxc4 d5 15. e5
dxc4 16. exf6 Bxf6 17. gxh5 Kg7 18. h6+ Kh7 19. h5 Nd7 20. hxg6+ fxg6 21. Nge4
Nb6 22. Ng5+ Bxg5 23. Bxg5 Nd5 24. Rde1 Ra7 25. Nxd5 cxd5 26. Re3 Bf5 27. Rhe1
Re8 28. Qb4 a5 29. Qc5 Rc7 30. Qxa5 c3 31. Rxc3 Rxc3+ 32. Qxc3 Qd6 33. Qc5 Rc8
34. Rxe7+ Qxe7 35. Bxe7 Rxc5+ 36. dxc5 Kxh6 37. c6 Kg7 38. Bc5 Kf7 39. Kd2 Ke8
40. Ke3 Kd8 41. Bd6 Be6 42. a4 Kc8 43. b4 Bf7 44. Kd4 1-0

[Event "TORNEO A"]
[Site "ZEVIO (VR) ITA"]
[Date "2023.03.26"]
[Round "4.4"]
[White "Bortolazzi, Michele"]
[Black "Maniero, Andrea"]
[Result "1/2-1/2"]
[WhiteElo "1831"]
[BlackElo "1794"]
[PlyCount "73"]
[EventDate "2023.03.25"]

1. e4 c5 2. Nf3 e6 3. d4 cxd4 4. Nxd4 a6 5. Be3 Nf6 6. Nd2 Qc7 7. Bd3 b5 8. c4
b4 9. f4 d6 10. Qa4+ Nbd7 11. Qxb4 d5 12. Qa4 dxe4 13. Nxe4 Ng4 14. Bd2 Qb6 15.
c5 Bxc5 16. Nxc5 Qxc5 17. h3 Ngf6 18. Be3 O-O 19. O-O Bb7 20. Nf5 Qc7 21. Rac1
Qd8 22. Nd6 Bd5 23. Rfd1 Qb8 24. Qa3 Rd8 25. Nc4 Ne4 26. Bxe4 Bxe4 27. Qe7 Nf6
28. Ne5 Rxd1+ 29. Rxd1 Qf8 30. Qc7 Nd5 31. Qc5 Qxc5 32. Bxc5 f6 33. Nc6 Rc8 34.
Rxd5 Rxc6 35. Rd8+ Kf7 36. b4 Bc2 37. Rd6 1/2-1/2

[Event "TORNEO A"]
[Site "ZEVIO (VR) ITA"]
[Date "2023.03.26"]
[Round "4.5"]
[White "Costalonga, Riccardo"]
[Black "Budyi, Danylo"]
[Result "0-1"]
[WhiteElo "1830"]
[BlackElo "1857"]
[PlyCount "50"]
[EventDate "2023.03.25"]

1. e4 c5 2. Nf3 e6 3. d4 cxd4 4. Nxd4 Nf6 5. Nc3 Nc6 6. Ndb5 Bc5 7. Nd6+ Ke7 8.
Nxc8+ Rxc8 9. Bd3 Ne5 10. O-O h5 11. Bg5 Neg4 12. Qd2 Qc7 13. Bf4 Bd6 14. Bxd6+
Qxd6 15. f4 Qb6+ 16. Kh1 Ne3 17. Rfe1 Nfg4 18. h3 g5 19. f5 Qd6 20. f6+ Kf8 21.
g3 Qxg3 22. Re2 Qxh3+ 23. Kg1 Qg3+ 24. Kh1 Qf3+ 25. Kg1 h4 0-1

[Event "TORNEO A"]
[Site "ZEVIO (VR) ITA"]
[Date "2023.03.26"]
[Round "4.6"]
[White "Adami, Alessandro"]
[Black "Garista, Eugenio"]
[Result "1/2-1/2"]
[WhiteElo "1805"]
[BlackElo "1842"]
[PlyCount "56"]
[EventDate "2023.03.25"]

1. e4 c5 2. Nc3 Nc6 3. g3 g6 4. Bg2 Bg7 5. d3 e6 6. Be3 Nd4 7. Qd2 Ne7 8. Nd1
d6 9. c3 Ndc6 10. Bh6 Bxh6 11. Qxh6 Ng8 12. Qd2 e5 13. Ne3 Nf6 14. h3 Be6 15.
Ne2 d5 16. exd5 Nxd5 17. d4 cxd4 18. cxd4 exd4 19. Nxd4 Nxe3 20. Bxc6+ bxc6 21.
Qxe3 Qa5+ 22. Kf1 Qd5 23. Kg1 O-O 24. Nxe6 fxe6 25. Re1 Qxa2 26. Qxe6+ Qxe6 27.
Rxe6 Rab8 28. Re2 Rf6 1/2-1/2